Central Library OPAC University of Rajshahi

Chaucer and the Canterbury tales./ (Record no. 77185)

MARC details
000 -LEADER
fixed length control field 00982cam a2200289 4500
001 - CONTROL NUMBER
control field 77185
003 - CONTROL NUMBER IDENTIFIER
rucl marc code BD-RjUL
005 - DATE AND TIME OF LATEST TRANSACTION
control field 20211209082935.0
008 - FIXED-LENGTH DATA ELEMENTS--GENERAL INFORMATION
fixed length control field 200301t19691950nyu b 001 0 eng
035 ## - SYSTEM CONTROL NUMBER
System control number (BD-RjUL)77409
040 ## - CATALOGING SOURCE
Original cataloging agency DLC
Transcribing agency DLC
Modifying agency DLC
Language of cataloging eng
041 ## - LANGUAGE CODE
Language code of text/sound track or separate title eng
082 00 - DEWEY DECIMAL CLASSIFICATION NUMBER
Classification number 821.1
Edition number 23
Author mark and year LAC 1950
100 1# - MAIN ENTRY--PERSONAL NAME
Personal name Lawrence, William Witherle,
Dates associated with a name 1876-1958.
9 (RLIN) 240164
245 10 - TITLE STATEMENT
Title Chaucer and the Canterbury tales./
Statement of responsibility, etc. William Witherle Lawrence
260 ## - PUBLICATION, DISTRIBUTION, ETC. (IMPRINT)
Place of publication, distribution, etc. New York,
Name of publisher, distributor, etc. Biblo and Tannen,
Date of publication, distribution, etc. 1969 [c1950]
300 ## - PHYSICAL DESCRIPTION
Pagination ix, 184 p. ;
Size 21 cm.
504 ## - BIBLIOGRAPHY, ETC. NOTE
Bibliography, etc Bibliography: p. [169]-173.
600 10 - SUBJECT ADDED ENTRY--PERSONAL NAME
Personal name Chaucer, Geoffrey,
Dates associated with a name -1400.
Title of a work Canterbury tales.
650 #0 - SUBJECT ADDED ENTRY--TOPICAL TERM
Topical term or geographic name as entry element Christian pilgrims and pilgrimages in literature.
9 (RLIN) 240166
Topical term or geographic name as entry element Tales, Medieval
General subdivision History and criticism.
9 (RLIN) 240167
Topical term or geographic name as entry element Storytelling in literature.
9 (RLIN) 240168
906 ## - LOCAL DATA ELEMENT F, LDF (RLIN)
a 7
b cbc
c orignew
d 2
e opcn
f 19
g y-gencatlg
942 ## - ADDED ENTRY ELEMENTS (KOHA)
Source of classification or shelving scheme Dewey Decimal Classification
Koha item type Books
Holdings
Lost status Source of classification or shelving scheme Damaged status Not for loan Collection code Permanent Location Current Location Shelving location Date acquired Total Checkouts Full call number Date last seen Copy number Koha item type
  Dewey Decimal Classification     Non-fiction Central Library, University of Rajshahi Central Library, University of Rajshahi   01/03/2020   821.1 LAC 1950 01/03/2020 C-2 Books